[Event "1. Bundesliga 2013/2014"]
[Site "Jenbach, Wolfsberg, St. Veit/Glan"]
[Date "2014.02.02"]
[Round "7"]
[Board "4"]
[White "Breder, Dennis"]
[Black "Dzierzenga, Stefan"]
[Result "1-0"]
[WhiteElo "2478"]
[BlackElo "2197"]
[PlyCount "95"]
[EventDate "2013.12.06"]
[EventType "team"]
[EventRounds "11"]
[EventCountry "AUT"]
[WhiteTeam "SK Hohenems"]
[BlackTeam "SK Advisory Invest Baden"]

1. Nf3 Nf6 2. c4 e6 3. g3 a6 4. Nc3 d5 5. cxd5 exd5 6. d4 Bd6 7. Bg2 O-O 8. O-O
c6 9. Qc2 Re8 10. Re1 Nbd7 11. Nh4 Nf8 12. Bd2 Ng6 13. Bg5 Be7 14. Nf5 Bxf5 15.
Qxf5 h6 16. Bd2 Qb6 17. Qd3 Bd6 18. e3 Ne7 19. Na4 Qd8 20. Rac1 Nc8 21. Qb3 Rb8
22. Nc5 Bxc5 23. Rxc5 Nd6 24. Rc2 Qd7 25. Bb4 Nfe4 26. Qd3 Rbd8 27. a4 Ng5 28.
f3 Nh7 29. b3 Nf8 30. Rce2 Nc8 31. Ba5 b6 32. Bc3 a5 33. e4 dxe4 34. fxe4 Ne6
35. Rd1 Nc5 36. Qc2 Na6 37. Rf1 Nb4 38. Qd2 Qe6 39. Bxb4 axb4 40. Qxb4 c5 41.
dxc5 bxc5 42. Qxc5 Qxb3 43. a5 Ne7 44. e5 Rc8 45. Qb6 Qc4 46. Qf2 Ng6 47. e6
Kh8 48. Re4 1-0

[Event "1. Bundesliga 2013/2014"]
[Site "Jenbach, Wolfsberg, St. Veit/Glan"]
[Date "2014.02.02"]
[Round "7"]
[Board "5"]
[White "Herndlbauer, Martin"]
[Black "Froewis, Georg"]
[Result "0-1"]
[WhiteElo "2119"]
[BlackElo "2430"]
[PlyCount "48"]
[EventDate "2013.12.06"]
[EventType "team"]
[EventRounds "11"]
[EventCountry "AUT"]
[WhiteTeam "SK Advisory Invest Baden"]
[BlackTeam "SK Hohenems"]

1. e4 c5 2. Nf3 d6 3. d4 cxd4 4. Nxd4 Nf6 5. Nc3 g6 6. Be3 Bg7 7. f3 Nc6 8. Qd2
O-O 9. Bc4 Bd7 10. O-O-O Rc8 11. Bb3 Ne5 12. Kb1 Re8 13. g4 b5 14. h4 b4 15.
Nce2 a5 16. h5 a4 17. hxg6 axb3 18. gxh7+ Kh8 19. cxb3 Qa5 20. Nc1 Ra8 21. g5
Nxf3 22. Nxf3 Nxe4 23. Qg2 Bf5 24. Kc2 Rec8+ 0-1

[Event "1. Bundesliga 2013/2014"]
[Site "Jenbach, Wolfsberg, St. Veit/Glan"]
[Date "2014.02.02"]
[Round "7"]
[Board "6"]
[White "Novkovic, Milan"]
[Black "Juenger, Heinz"]
[Result "1-0"]
[WhiteElo "2380"]
[BlackElo "2114"]
[PlyCount "81"]
[EventDate "2013.12.06"]
[EventType "team"]
[EventRounds "11"]
[EventCountry "AUT"]
[WhiteTeam "SK Hohenems"]
[BlackTeam "SK Advisory Invest Baden"]

1. Nf3 Nf6 2. c4 g6 3. b4 Bg7 4. Bb2 O-O 5. e3 d5 6. cxd5 Nxd5 7. Bxg7 Kxg7 8.
Qb3 Qd6 9. Qb2+ f6 10. a3 e5 11. d3 a5 12. b5 Nd7 13. Nbd2 N7b6 14. Rc1 Qe7 15.
Be2 Be6 16. d4 exd4 17. Nxd4 Bf7 18. N2f3 Rfe8 19. O-O Rac8 20. Rfe1 Na4 21.
Qa1 Nc5 22. Bf1 Ne4 23. Qb2 Qd6 24. Rc2 Qb6 25. Rec1 Rcd8 26. Bc4 Nd6 27. Bxd5
Bxd5 28. Rxc7+ Kg8 29. a4 Rc8 30. Rxc8 Rxc8 31. Rxc8+ Nxc8 32. Qc3 Nd6 33. Nd2
Qd8 34. f3 b6 35. Nc6 Qe8 36. e4 Bxc6 37. bxc6 Kg7 38. Nb3 Qe5 39. Nd4 b5 40.
Nxb5 Qxc3 41. Nxc3 1-0

[Event "1. Bundesliga 2013/2014"]
[Site "Jenbach, Wolfsberg, St. Veit/Glan"]
[Date "2014.02.02"]
[Round "7"]
[Board "2"]
[White "Dizdar, Goran"]
[Black "Bauer, Christian"]
[Result "1/2-1/2"]
[WhiteElo "2514"]
[BlackElo "2627"]
[PlyCount "47"]
[EventDate "2013.12.06"]
[EventType "team"]
[EventRounds "11"]
[EventCountry "AUT"]
[WhiteTeam "SK Absam"]
[BlackTeam "Schachklub Sparkasse Jenbach"]

1. d4 Nf6 2. Nf3 g6 3. c4 Bg7 4. g3 c5 5. Bg2 Qa5+ 6. Nc3 Ne4 7. Qd3 cxd4 8.
Nxd4 Nc5 9. Qd1 Nc6 10. e3 Ne6 11. O-O O-O 12. Nxe6 dxe6 13. Bd2 Bd7 14. Qe2
Rac8 15. Rfc1 Qa6 16. b3 Rfd8 17. a4 Be8 18. Rab1 Ne5 19. Rd1 Nd3 20. Nb5 Nb2
21. Rdc1 Nd3 22. Rd1 Nb2 23. Rdc1 Nd3 24. Rd1 1/2-1/2

[Event "1. Bundesliga 2013/2014"]
[Site "Jenbach, Wolfsberg, St. Veit/Glan"]
[Date "2014.02.02"]
[Round "7"]
[Board "3"]
[White "Schlosser, Philipp"]
[Black "Rotstein, Arkadij"]
[Result "1-0"]
[WhiteElo "2612"]
[BlackElo "2501"]
[PlyCount "95"]
[EventDate "2013.12.06"]
[EventType "team"]
[EventRounds "11"]
[EventCountry "AUT"]
[WhiteTeam "Schachklub Sparkasse Jenbach"]
[BlackTeam "SK Absam"]

1. c4 e5 2. g3 Nc6 3. Bg2 g6 4. Nc3 Bg7 5. d3 d6 6. e4 h5 7. h4 Nd4 8. Nce2 Nh6
9. Nxd4 exd4 10. Nf3 Ng4 11. O-O O-O 12. b4 Bd7 13. Rb1 a6 14. Bg5 Qe8 15. Qd2
Bc6 16. Rfe1 Qd7 17. Qb2 b5 18. Qb3 Kh8 19. Bf4 Rae8 20. Rbc1 Bb7 21. c5 d5 22.
e5 c6 23. Qb2 f6 24. Qxd4 Qf5 25. e6 Rxe6 26. Rxe6 Qxe6 27. Bd6 Re8 28. Qc3 Qf7
29. Re1 Bc8 30. Bf1 Kg8 31. Qd2 Bd7 32. Nd4 Bh6 33. Qd1 Ne5 34. Kg2 Bg4 35. Be2
Qd7 36. Bxg4 hxg4 37. Re2 Kf7 38. a4 bxa4 39. Ra2 Qb7 40. Rxa4 f5 41. Bxe5 Rxe5
42. Ra2 Re7 43. Qa4 Rc7 44. Qxa6 Bg7 45. Qxb7 Rxb7 46. Nxc6 Ke8 47. Ra8+ Kd7
48. Na5 1-0

[Event "1. Bundesliga 2013/2014"]
[Site "Jenbach, Wolfsberg, St. Veit/Glan"]
[Date "2014.02.02"]
[Round "7"]
[Board "4"]
[White "Deglmann, Ludwig"]
[Black "Acs, Peter"]
[Result "1/2-1/2"]
[WhiteElo "2370"]
[BlackElo "2576"]
[PlyCount "96"]
[EventDate "2013.12.06"]
[EventType "team"]
[EventRounds "11"]
[EventCountry "AUT"]
[WhiteTeam "SK Absam"]
[BlackTeam "Schachklub Sparkasse Jenbach"]

1. d4 Nf6 2. c4 e6 3. Nc3 Bb4 4. e3 O-O 5. Nge2 d5 6. a3 Be7 7. cxd5 Nxd5 8.
Bd2 Nb6 9. Qc2 Bd7 10. Ng3 c5 11. dxc5 Bxc5 12. Nb5 Na6 13. Rd1 Qc8 14. Qb1 Be7
15. Bd3 h6 16. Rc1 Nc5 17. Be2 Qd8 18. b4 Nca4 19. Nd4 Rc8 20. O-O Rxc1 21.
Rxc1 Qb8 22. Nb3 Rc8 23. Na5 Nd5 24. Bc4 b6 25. Nb3 Qb7 26. e4 Ndc3 27. Bxc3
Rxc4 28. Bd2 Qc7 29. Qd3 Bb5 30. Rxc4 Bxc4 31. Qc2 b5 32. Na5 Bf6 33. Be3 Nb6
34. Nh5 Be7 35. Qc3 e5 36. h3 Na4 37. Qc1 g6 38. Ng3 h5 39. Bg5 Nb6 40. Bxe7
Qxe7 41. Qd2 h4 42. Nf1 Bxf1 43. Kxf1 Qc7 44. Kg1 Kg7 45. Kh2 f6 46. Nb3 Qd7
47. Qe2 Nc4 48. Nc5 Qf7 1/2-1/2

[Event "1. Bundesliga 2013/2014"]
[Site "Jenbach, Wolfsberg, St. Veit/Glan"]
[Date "2014.02.02"]
[Round "7"]
[Board "5"]
[White "Boensch, Uwe"]
[Black "De Francesco, Klaus"]
[Result "1-0"]
[WhiteElo "2544"]
[BlackElo "2231"]
[PlyCount "89"]
[EventDate "2013.12.06"]
[EventType "team"]
[EventRounds "11"]
[EventCountry "AUT"]
[WhiteTeam "Schachklub Sparkasse Jenbach"]
[BlackTeam "SK Absam"]

1. d4 Nf6 2. c4 e6 3. Nf3 Bb4+ 4. Nbd2 O-O 5. a3 Bxd2+ 6. Bxd2 d6 7. Qc2 Nbd7
8. g4 d5 9. Bg5 Qe8 10. e3 c5 11. dxc5 Ne4 12. Bh4 f5 13. Bg2 fxg4 14. Nd4
Ndxc5 15. b4 e5 16. bxc5 exd4 17. cxd5 d3 18. Qxd3 Bf5 19. Qd4 Nxc5 20. Qxc5
Rc8 21. Qb4 Bd3 22. Kd2 a5 23. Qb3 Bc2 24. Qb6 g3 25. Bxg3 Rf6 26. Qxb7 Rf7 27.
Qxc8 Qxc8 28. Rhc1 Qg4 29. Rxc2 Rxf2+ 30. Bxf2 Qxg2 31. Kc3 Qxd5 32. Rac1 a4
33. Bg3 h5 34. Bf4 h4 35. Rg1 h3 36. Rg5 Qb7 37. Kd2 Kh7 38. Rc7 Qb2+ 39. Ke1
Qb1+ 40. Kf2 Qb2+ 41. Kf3 Qf6 42. Rgxg7+ Kh8 43. Rh7+ Kg8 44. Rcg7+ Kf8 45.
Rf7+ 1-0

[Event "1. Bundesliga 2013/2014"]
[Site "Jenbach, Wolfsberg, St. Veit/Glan"]
[Date "2014.02.02"]
[Round "7"]
[Board "6"]
[White "Anegg, Richard"]
[Black "Lehner, Oliver"]
[Result "0-1"]
[WhiteElo "1959"]
[BlackElo "2451"]
[PlyCount "54"]
[EventDate "2013.12.06"]
[EventType "team"]
[EventRounds "11"]
[EventCountry "AUT"]
[WhiteTeam "SK Absam"]
[BlackTeam "Schachklub Sparkasse Jenbach"]

1. d4 Nf6 2. c4 e6 3. Nc3 Bb4 4. e3 O-O 5. Bd3 d5 6. Nf3 c5 7. O-O Nc6 8. cxd5
exd5 9. h3 c4 10. Bc2 Re8 11. a3 Ba5 12. Ne2 b5 13. Bd2 Bc7 14. b3 Ne4 15. Nc3
a6 16. bxc4 bxc4 17. Nxe4 dxe4 18. Ne1 Re6 19. f4 Nxd4 20. Bc3 Nf5 21. Qxd8+
Bxd8 22. Bd4 Nxd4 23. exd4 Bb6 24. Rd1 e3 25. Rf3 Bb7 26. Rg3 e2 27. Rd2 Ba5
 0-1

[Event "1. Bundesliga 2013/2014"]
[Site "Jenbach, Wolfsberg, St. Veit/Glan"]
[Date "2014.02.02"]
[Round "7"]
[Board "1"]
[White "Melkumyan, Hrant"]
[Black "Babula, Vlastimil"]
[Result "1-0"]
[WhiteElo "2613"]
[BlackElo "2566"]
[PlyCount "45"]
[EventDate "2013.12.06"]
[EventType "team"]
[EventRounds "11"]
[EventCountry "AUT"]
[WhiteTeam "ASVOE Wulkaprodersdorf"]
[BlackTeam "Union Ansfelden"]

1. d4 Nf6 2. c4 e6 3. Nc3 Bb4 4. e3 O-O 5. Bd3 d5 6. Nf3 b6 7. O-O Bb7 8. cxd5
exd5 9. a3 Bd6 10. b4 a6 11. Qb3 Qe7 12. Re1 Nbd7 13. Ra2 Ne4 14. Nxd5 Bxd5 15.
Qxd5 Nc3 16. Qb3 Nxa2 17. Qxa2 Kh8 18. e4 f6 19. Qe2 a5 20. e5 axb4 21. exd6
Qxe2 22. Bxe2 bxa3 23. Bb5 1-0

[Event "1. Bundesliga 2013/2014"]
[Site "Jenbach, Wolfsberg, St. Veit/Glan"]
[Date "2014.02.02"]
[Round "7"]
[Board "2"]
[White "Weiss, Christian"]
[Black "Antoniewski, Rafal"]
[Result "0-1"]
[WhiteElo "2386"]
[BlackElo "2553"]
[PlyCount "92"]
[EventDate "2013.12.06"]
[EventType "team"]
[EventRounds "11"]
[EventCountry "AUT"]
[WhiteTeam "Union Ansfelden"]
[BlackTeam "ASVOE Wulkaprodersdorf"]

1. d4 f5 2. g3 Nf6 3. Bg2 g6 4. Nh3 Bg7 5. Nf4 Nc6 6. c3 e5 7. dxe5 Nxe5 8. O-O
c6 9. Nd2 O-O 10. Nf3 Nf7 11. c4 Re8 12. e3 g5 13. Ne2 Ne4 14. h4 h6 15. Qc2 d6
16. hxg5 hxg5 17. Nd2 Nc5 18. Nb3 Ne5 19. Nxc5 dxc5 20. Rd1 Qe7 21. Bd2 Qf7 22.
Bc3 Qxc4 23. b3 Qe6 24. Rac1 Bf8 25. e4 Ng4 26. Qd2 Qh6 27. f3 Nf6 28. e5 Nd5
29. f4 gxf4 30. Nxf4 Nxf4 31. gxf4 Be6 32. Qf2 Rad8 33. Qg3+ Qg7 34. Kf2 Qxg3+
35. Kxg3 Rxd1 36. Rxd1 Be7 37. Ba5 Kf7 38. Bf3 Rg8+ 39. Kf2 Rh8 40. Kg2 Rg8+
41. Kf2 c4 42. Rh1 cxb3 43. axb3 Bxb3 44. Rh7+ Kf8 45. Bc7 Rg7 46. Rh8+ Bg8 0-1

[Event "1. Bundesliga 2013/2014"]
[Site "Jenbach, Wolfsberg, St. Veit/Glan"]
[Date "2014.02.02"]
[Round "7"]
[Board "3"]
[White "Maksimenko, Andrei"]
[Black "Knoll, Hermann"]
[Result "1/2-1/2"]
[WhiteElo "2535"]
[BlackElo "2302"]
[PlyCount "98"]
[EventDate "2013.12.06"]
[EventType "team"]
[EventRounds "11"]
[EventCountry "AUT"]
[WhiteTeam "ASVOE Wulkaprodersdorf"]
[BlackTeam "Union Ansfelden"]

1. Nf3 Nf6 2. c4 e6 3. g3 b6 4. Bg2 Bb7 5. O-O c5 6. Nc3 Be7 7. Re1 d6 8. e4 e5
9. Nh4 g6 10. d3 Nc6 11. f4 Nd4 12. Nf3 Nd7 13. Be3 O-O 14. Qd2 Bf6 15. Rf1 Bg7
16. Ng5 f6 17. Nf3 Qe7 18. Rae1 Rf7 19. Nh4 Nf8 20. Rf2 Re8 21. f5 Qd8 22. Ref1
Bc6 23. Qd1 g5 24. Nf3 h6 25. Nd2 Nh7 26. Bh3 Rb7 27. Bg4 Ree7 28. Bh5 a6 29.
Nd5 b5 30. b3 Bxd5 31. exd5 a5 32. Ne4 bxc4 33. dxc4 a4 34. bxa4 Rb4 35. Qd3
Reb7 36. a5 Ra4 37. Bxd4 exd4 38. Re2 Rxa5 39. Nf2 Re7 40. Rb1 Nf8 41. Ng4 Rxe2
42. Qxe2 d3 43. Qxd3 Rxa2 44. Qe4 Qa5 45. Rb7 Qd2 46. Rxg7+ Kh8 47. Rh7+ Nxh7
48. Qe8+ Kg7 49. Qe7+ Kh8 1/2-1/2

[Event "1. Bundesliga 2013/2014"]
[Site "Jenbach, Wolfsberg, St. Veit/Glan"]
[Date "2014.02.02"]
[Round "7"]
[Board "4"]
[White "Moser, Guenter"]
[Black "Schneider, Ilja"]
[Result "1-0"]
[WhiteElo "2349"]
[BlackElo "2486"]
[PlyCount "151"]
[EventDate "2013.12.06"]
[EventType "team"]
[EventRounds "11"]
[EventCountry "AUT"]
[WhiteTeam "Union Ansfelden"]
[BlackTeam "ASVOE Wulkaprodersdorf"]

1. c4 d5 2. d4 c6 3. cxd5 cxd5 4. Nc3 Nf6 5. Nf3 Nc6 6. Ne5 e6 7. Nxc6 bxc6 8.
e3 c5 9. Bd2 Be7 10. dxc5 Bxc5 11. b4 Bd6 12. Be2 O-O 13. a3 e5 14. O-O Bb7 15.
Rc1 Rc8 16. Na4 Rxc1 17. Qxc1 Qd7 18. Nc5 Bxc5 19. Qxc5 Ne4 20. Qc2 Rc8 21. Qb2
Nxd2 22. Qxd2 Qc6 23. Bf3 Qc3 24. Qxc3 Rxc3 25. Ra1 Kf8 26. Kf1 Ba6+ 27. Ke1
Rc2 28. Bd1 Rb2 29. Rc1 Bc4 30. e4 g6 31. exd5 Bxd5 32. Rc5 Bxg2 33. Rxe5 Rb1
34. Kd2 Rb2+ 35. Ke3 Rb1 36. Kd2 Rb2+ 37. Ke3 Bf1 38. Rc5 a6 39. Bc2 Ra2 40.
Rc3 Bb5 41. Kd4 Ra1 42. Kc5 Rc1 43. Kb6 h5 44. Ka5 Kg7 45. a4 Ra1 46. Rc5 Ra2
47. h4 Be8 48. Rc8 Bd7 49. Rc7 Be8 50. f4 Kf6 51. Rc5 Bd7 52. Rc7 Be8 53. Rc5
Bd7 54. Rc7 Be8 55. Rc5 Ke7 56. Rc7+ Kd6 57. Rc3 Bd7 58. Rc5 Be8 59. Rc3 Bc6
60. Rc5 Bd7 61. Rc3 Ra1 62. Rd3+ Kc7 63. Rc3+ Kb7 64. Be4+ Kb8 65. Bc6 Bc8 66.
Kb6 Rg1 67. b5 axb5 68. axb5 Ra1 69. Rd3 Ra7 70. Rd8 Re7 71. Rf8 Rc7 72. Kc5
Ra7 73. b6 Ra5+ 74. Kd6 Rf5 75. b7 Rf6+ 76. Kc5 1-0

[Event "1. Bundesliga 2013/2014"]
[Site "Jenbach, Wolfsberg, St. Veit/Glan"]
[Date "2014.02.02"]
[Round "7"]
[Board "5"]
[White "Thiede, Lars"]
[Black "Felsberger, Alfred"]
[Result "1-0"]
[WhiteElo "2448"]
[BlackElo "2352"]
[PlyCount "73"]
[EventDate "2013.12.06"]
[EventType "team"]
[EventRounds "11"]
[EventCountry "AUT"]
[WhiteTeam "ASVOE Wulkaprodersdorf"]
[BlackTeam "Union Ansfelden"]

1. c4 Nf6 2. Nf3 e6 3. g3 b6 4. Bg2 Bb7 5. O-O c5 6. b3 Be7 7. Bb2 O-O 8. e3 d6
9. d4 cxd4 10. Nxd4 Bxg2 11. Kxg2 a6 12. Qf3 Ra7 13. Nc3 Qc7 14. Rad1 Rc8 15.
g4 Ne8 16. Qe2 Nc6 17. f4 Qb7 18. Rf3 b5 19. cxb5 Nxd4 20. exd4 axb5 21. d5 Bf6
22. g5 Bxc3 23. Bxc3 Nc7 24. dxe6 Nd5 25. exf7+ Qxf7 26. Be1 b4 27. Rd4 Re7 28.
Qd2 Nc3 29. Bf2 Re2 30. Qd3 Qb7 31. Rxd6 Rxf2+ 32. Kxf2 Ne4+ 33. Kg2 Nxd6 34.
Qxd6 Qe4 35. Kg3 Rc1 36. Qd3 Qe6 37. Re3 1-0

[Event "1. Bundesliga 2013/2014"]
[Site "Jenbach, Wolfsberg, St. Veit/Glan"]
[Date "2014.02.02"]
[Round "7"]
[Board "6"]
[White "Ennsberger, Ulrich"]
[Black "Wallner, Joachim"]
[Result "0-1"]
[WhiteElo "2339"]
[BlackElo "2366"]
[PlyCount "65"]
[EventDate "2013.12.06"]
[EventType "team"]
[EventRounds "11"]
[EventCountry "AUT"]
[WhiteTeam "Union Ansfelden"]
[BlackTeam "ASVOE Wulkaprodersdorf"]

1. e4 c5 2. Nf3 e6 3. c3 Nf6 4. e5 Nd5 5. d4 cxd4 6. cxd4 b6 7. a3 Bb7 8. Bd3
Be7 9. Qe2 d6 10. O-O Nd7 11. Bd2 dxe5 12. dxe5 Rc8 13. Nc3 Nxc3 14. Bxc3 O-O
15. Rfd1 Bd5 16. Be4 Bxe4 17. Qxe4 Qc7 18. Bb4 Nc5 19. Bxc5 Qxc5 20. b4 Qc3 21.
h3 Rfd8 22. Qb7 Qc7 23. Qa6 h5 24. h4 g6 25. Kh2 Qb8 26. Rac1 Rxc1 27. Rxc1 Bf6
28. g3 Bxe5 29. Nxe5 Qxe5 30. Qxa7 Qd4 31. Kg1 Rd5 32. Qc7 Rf5 33. Rc2 {Flag!!}
 0-1

[Event "1. Bundesliga 2013/2014"]
[Site "Jenbach, Wolfsberg, St. Veit/Glan"]
[Date "2014.02.02"]
[Round "7"]
[Board "1"]
[White "Lenic, Luka"]
[Black "Bromberger, Stefan"]
[Result "1/2-1/2"]
[WhiteElo "2654"]
[BlackElo "2500"]
[PlyCount "71"]
[EventDate "2013.12.06"]
[EventType "team"]
[EventRounds "11"]
[EventCountry "AUT"]
[WhiteTeam "SV Raika Rapid Feffernitz"]
[BlackTeam "SIR Bernhard Glatz"]

1. e4 e5 2. Nf3 Nc6 3. Bb5 a6 4. Ba4 Nf6 5. d3 b5 6. Bb3 Bc5 7. O-O d6 8. c3 h6
9. Be3 O-O 10. Nbd2 Bxe3 11. fxe3 Be6 12. Bc2 Ne7 13. Nh4 Nh7 14. Qh5 c5 15.
Rf2 Kh8 16. Bb3 Bxb3 17. axb3 Ng5 18. Ndf3 Nxf3+ 19. Rxf3 f6 20. Rg3 Qd7 21.
Rf1 Qe6 22. Qd1 a5 23. Nf5 Nxf5 24. exf5 Qf7 25. Rg4 Qh5 26. h3 d5 27. Rf3 Qe8
28. Rfg3 Rf7 29. Rg6 a4 30. Qg4 Qf8 31. bxa4 Rxa4 32. Qd1 Qc8 33. Qh5 Qf8 34.
Qd1 Qc8 35. Qh5 Qf8 36. Qd1 1/2-1/2

[Event "1. Bundesliga 2013/2014"]
[Site "Jenbach, Wolfsberg, St. Veit/Glan"]
[Date "2014.02.02"]
[Round "7"]
[Board "2"]
[White "Mons, Leon"]
[Black "Sebenik, Matej"]
[Result "1/2-1/2"]
[WhiteElo "2418"]
[BlackElo "2497"]
[PlyCount "98"]
[EventDate "2013.12.06"]
[EventType "team"]
[EventRounds "11"]
[EventCountry "AUT"]
[WhiteTeam "SIR Bernhard Glatz"]
[BlackTeam "SV Raika Rapid Feffernitz"]

1. e4 c5 2. Nf3 Nc6 3. Bb5 e6 4. O-O Nge7 5. Re1 Nd4 6. Bf1 Nec6 7. c3 Nxf3+ 8.
Qxf3 Be7 9. d3 d6 10. Be3 e5 11. a3 O-O 12. b4 a6 13. Nd2 Be6 14. Rab1 b5 15.
Qd1 cxb4 16. axb4 f5 17. exf5 Bxf5 18. Nb3 d5 19. Bc5 Bxc5 20. Nxc5 d4 21. Qb3+
Kh8 22. c4 Qb6 23. Ne4 bxc4 24. Qxc4 Bxe4 25. Rxe4 Rab8 26. Qd5 Qb5 27. Qxb5
Rxb5 28. Rc1 Rb6 29. g3 h6 30. Rc5 Rf6 31. Bg2 g5 32. Re2 Nxb4 33. Be4 Rfe6 34.
Bf5 Rbc6 35. Rxc6 Rxc6 36. Rxe5 Kg7 37. Be4 Kf6 38. Ra5 Rb6 39. Rf5+ Ke6 40. h4
Rb5 41. Rf8 gxh4 42. gxh4 a5 43. Ra8 Nd5 44. Kg2 h5 45. Ra6+ Ke5 46. Kg3 Nf4
47. Kf3 Ne6 48. Kg3 Nf4 49. Kf3 Ne6 1/2-1/2

[Event "1. Bundesliga 2013/2014"]
[Site "Jenbach, Wolfsberg, St. Veit/Glan"]
[Date "2014.02.02"]
[Round "7"]
[Board "3"]
[White "Skoberne, Jure"]
[Black "Geske, Julian"]
[Result "0-1"]
[WhiteElo "2560"]
[BlackElo "2390"]
[PlyCount "110"]
[EventDate "2013.12.06"]
[EventType "team"]
[EventRounds "11"]
[EventCountry "AUT"]
[WhiteTeam "SV Raika Rapid Feffernitz"]
[BlackTeam "SIR Bernhard Glatz"]

1. c4 Nf6 2. d4 g6 3. Nc3 Bg7 4. e4 d6 5. Be2 O-O 6. Bg5 Na6 7. Nf3 h6 8. Bf4
e5 9. dxe5 Nh5 10. Be3 dxe5 11. Qc1 Kh7 12. O-O c6 13. Ne1 Qh4 14. g3 Qh3 15.
Bf3 Nf6 16. Bg2 Qe6 17. f3 Qxc4 18. Rf2 Qe6 19. Bf1 Nc7 20. b4 Rd8 21. a4 Bf8
22. Nd3 Qe8 23. Rb1 Bg7 24. b5 cxb5 25. axb5 b6 26. Ra1 Bd7 27. Nb4 Nxb5 28.
Ncd5 Nxd5 29. Nxd5 Rdc8 30. Qd2 Nd4 31. Bxh6 Nb3 32. Qg5 Nxa1 33. Qh4 Bxh6 34.
Nf6+ Kg7 35. Nxe8+ Rxe8 36. f4 exf4 37. Rd2 Be6 38. gxf4 Rac8 39. Bb5 Rh8 40.
e5 Rc1+ 41. Kf2 Rc2 42. Qf6+ Kg8 43. Rxc2 Nxc2 44. Bd3 Nd4 45. Bxg6 fxg6 46.
Qxg6+ Bg7 47. Qe8+ Kh7 48. Qa4 Rd8 49. Qxa7 b5 50. h4 b4 51. Qb6 b3 52. h5 Rd5
53. Qb8 Rb5 54. Qe8 Bf5 55. h6 Kxh6 0-1

[Event "1. Bundesliga 2013/2014"]
[Site "Jenbach, Wolfsberg, St. Veit/Glan"]
[Date "2014.02.02"]
[Round "7"]
[Board "4"]
[White "Arnaudov, Petar"]
[Black "Diermair, Andreas"]
[Result "1-0"]
[WhiteElo "2459"]
[BlackElo "2456"]
[PlyCount "55"]
[EventDate "2013.12.06"]
[EventType "team"]
[EventRounds "11"]
[EventCountry "AUT"]
[WhiteTeam "SIR Bernhard Glatz"]
[BlackTeam "SV Raika Rapid Feffernitz"]

1. d4 d5 2. c4 c6 3. Nf3 Nf6 4. g3 Bf5 5. Qb3 Qb6 6. Nc3 e6 7. c5 Qc7 8. Bf4
Qc8 9. Bg2 Nbd7 10. O-O b6 11. cxb6 axb6 12. Rfc1 Qb7 13. Nd2 Rc8 14. e4 dxe4
15. Ndxe4 Bxe4 16. Nxe4 Nxe4 17. Bxe4 Nf6 18. Bxc6+ Rxc6 19. Rxc6 Qxc6 20. Rc1
Qd7 21. Rc7 Qxd4 22. Rc8+ Kd7 23. Rc4 Qd5 24. Qa4+ Ke7 25. Rd4 Qc5 26. Qa7+ Nd7
27. Rxd7+ Kf6 28. Be3 1-0

[Event "1. Bundesliga 2013/2014"]
[Site "Jenbach, Wolfsberg, St. Veit/Glan"]
[Date "2014.02.02"]
[Round "7"]
[Board "5"]
[White "Schreiner, Peter"]
[Black "Pitl, Gregory"]
[Result "1-0"]
[WhiteElo "2455"]
[BlackElo "2389"]
[PlyCount "151"]
[EventDate "2013.12.06"]
[EventType "team"]
[EventRounds "11"]
[EventCountry "AUT"]
[WhiteTeam "SV Raika Rapid Feffernitz"]
[BlackTeam "SIR Bernhard Glatz"]

1. Nf3 d5 2. g3 Bg4 3. Bg2 Nd7 4. c4 e6 5. d3 c6 6. Qb3 Nc5 7. Qc2 Nf6 8. O-O
a5 9. cxd5 exd5 10. Be3 Ne6 11. h3 Bh5 12. Nd4 Bd6 13. Nc3 Be5 14. Nxe6 fxe6
15. Na4 O-O 16. f4 Bd6 17. Bb6 Qe7 18. e4 e5 19. d4 exf4 20. e5 fxg3 21. exf6
Qe3+ 22. Kh1 Rae8 23. Qf5 Qh6 24. Qd7 Rxf6 25. Rxf6 Qxf6 26. Rf1 Qe7 27. Qxe7
Rxe7 28. Bxa5 Re2 29. Bc3 b5 30. Nc5 b4 31. Bxb4 Rxb2 32. Nd3 Rxb4 33. Nxb4
Bxb4 34. Rc1 Be8 35. a4 Kf7 36. Bf3 Ke6 37. Kg2 Kd6 38. Kxg3 Bd2 39. Rc2 Bb4
40. Rc1 Bg6 41. Kf2 Bf5 42. h4 g6 43. Ke3 h6 44. Be2 g5 45. Rf1 Ke6 46. Ra1 Ba5
47. Rc1 Kd6 48. Rf1 Ke6 49. Ba6 Bg6 50. Bc8+ Ke7 51. hxg5 hxg5 52. Rg1 Bc2 53.
Rc1 Bb3 54. Rxc6 Kd8 55. Bf5 Bc7 56. Bc2 Bc4 57. Bd3 Bb3 58. Bc2 Bc4 59. Rg6
Bf4+ 60. Kf3 Bd2 61. Bd1 Kc7 62. Be2 Bb3 63. Bb5 Bd1+ 64. Kf2 g4 65. Rc6+ Kb7
66. Rc5 Bb3 67. Bc6+ Ka6 68. Kg3 Bd1 69. Bxd5 Be1+ 70. Kg2 Bxa4 71. Rc1 Bd2 72.
Ra1 Kb5 73. Be6 Bc2 74. d5 Kc5 75. Kg3 Bb3 76. Kxg4 1-0

[Event "1. Bundesliga 2013/2014"]
[Site "Jenbach, Wolfsberg, St. Veit/Glan"]
[Date "2014.02.02"]
[Round "7"]
[Board "6"]
[White "Seyb, Alexander"]
[Black "Zorko, Jure"]
[Result "0-1"]
[WhiteElo "2367"]
[BlackElo "2466"]
[PlyCount "104"]
[EventDate "2013.12.06"]
[EventType "team"]
[EventRounds "11"]
[EventCountry "AUT"]
[WhiteTeam "SIR Bernhard Glatz"]
[BlackTeam "SV Raika Rapid Feffernitz"]

1. e4 c5 2. Nf3 e6 3. d4 cxd4 4. Nxd4 a6 5. Bd3 Bc5 6. Nb3 Be7 7. Qg4 g6 8. Qe2
d6 9. O-O Nd7 10. Na3 Ne5 11. Nc4 Nxc4 12. Bxc4 Qc7 13. Rd1 Bd7 14. Bf4 Rc8 15.
Nd2 Nf6 16. Bb3 O-O 17. a4 Bc6 18. f3 Nh5 19. Be3 d5 20. exd5 Bxd5 21. Bxd5
exd5 22. c3 Rfe8 23. Qf2 Bd6 24. Nf1 Rxe3 25. Nxe3 Bxh2+ 26. Kf1 Ng3+ 27. Ke1
Re8 28. Rd3 Ne4 29. Qc2 Nc5 30. Kf1 Nxd3 31. Qxd3 Qb6 32. Re1 Qxb2 33. Nxd5
Rxe1+ 34. Kxe1 Bg3+ 35. Kd1 Qa1+ 36. Kd2 Qxa4 37. Nf6+ Kg7 38. Ne4 Bf4+ 39. Ke2
Be5 40. g3 h5 41. f4 Bf6 42. c4 Qc6 43. Nd6 b6 44. Ne4 a5 45. f5 Be5 46. fxg6
fxg6 47. Kf3 Bf6 48. g4 hxg4+ 49. Kxg4 Qe6+ 50. Kg3 Be5+ 51. Kh4 Qf5 52. Qe2
Kh6 0-1

[Event "1. Bundesliga 2013/2014"]
[Site "Jenbach, Wolfsberg, St. Veit/Glan"]
[Date "2014.03.20"]
[Round "8"]
[Board "1"]
[White "Baumegger, Siegfried"]
[Black "Postny, Evgeny"]
[Result "0-1"]
[WhiteElo "2476"]
[BlackElo "2635"]
[PlyCount "74"]
[EventDate "2013.12.06"]
[EventType "team"]
[EventRounds "11"]
[EventCountry "AUT"]
[WhiteTeam "tschaturanga"]
[BlackTeam "SIR Bernhard Glatz"]

1. d4 d5 2. c4 dxc4 3. Nf3 Nf6 4. e3 e6 5. Bxc4 a6 6. O-O b5 7. Bd3 Bb7 8. a4
b4 9. Qe2 c5 10. Rd1 Nbd7 11. Nbd2 cxd4 12. exd4 Be7 13. Nc4 Nd5 14. a5 O-O 15.
Bd2 N7f6 16. Rdc1 Bd6 17. Nfe5 Qe7 18. Nb6 Nxb6 19. axb6 Qd8 20. Bg5 h6 21.
Bxf6 Qxf6 22. Bxa6 Rxa6 23. Rxa6 Qg5 24. f4 Qxf4 25. Rd1 Bxa6 26. Qxa6 Qe3+ 27.
Kh1 Bxe5 28. dxe5 Rb8 29. b7 Qe4 30. h3 Rxb7 31. Qd6 Rb5 32. Qd7 Rd5 33. Qe8+
Kh7 34. Rxd5 exd5 35. Qb8 Qb1+ 36. Kh2 Qxb2 37. Qd6 Qd4 0-1